000 00415nam a2200169Ia 4500
008 230524s9999 xx 000 0 und d
020 _a9788173717406
082 _bVEN
100 _aC.V.Venkatramaiah
_942428
245 2 _aA Textbook of Surveying
250 _a2
260 _aNew Delhi
_bUniversities Press
_c2011
300 _a"XIX,722p;"
500 _aQuantity Number: 1
650 _aCivil
942 _cBK
999 _c56714
_d56714